000 005980000a22002050004500
003 LK-CoMWRAF
005 20240120131852.0
008 230817t1998 ||||| |||| 00| 0 eng d
020 _a9291410217
040 _aLK-CoMWRAF
_dLK-CoMWRAF
_eLK-CoMWRAF
041 _aeng
082 _a331.4
_bREA
100 _aReardon, Geraldine
245 _aGlobalisation, Technological Change and Women Workers in Asia
260 _aNetherlands:
_bUnited Nations University, Institute for New Technologies,
_c1998
300 _a27 p.
650 _aLabour market-Asia
650 _aWomen workers-Asia
942 _cBK
999 _c87
_d87